| 000 | 00439cam a22001577a 4500 | ||
|---|---|---|---|
| 008 | 180718b1962 xxu||||| |||| 00| 0 eng d | ||
| 082 | _aN11 D643/62 | ||
| 100 | _aDixaon, C. Aubrey | ||
| 245 |
_aCommunist guerilla warfare _cby C. Aubrey Dixaon and Otto Heilbrunn |
||
| 250 | _a2nd ed. | ||
| 260 |
_aDelhi _bEnglish Book Store _c1962 |
||
| 300 | _a229p. | ||
| 500 | _aRs.20.00 | ||
| 650 | _aGuerrilla Warfare | ||
| 700 | _aHeilbrunn, Otto | ||
| 999 |
_c364100 _d364100 |
||